00909cam a2200253 i 4500003000900000005001700009007000300026008004100029020001800070040003000088082001300118100002100131245013500152264005900287300003100346336002700377337003400404338002800438650004600466700004400512700003400556700003300590700003200623DO-SdBNP20231011133217.0ta751003s2010 sp 000 f spa d a9788492812295 aDO-SdBNPbspacBNPHUerda 4bC1722221 aCamara, Dionisio10aGestión práctica de pymes :bcómo optimizar los resultados de su empresa /cDionisio Camara, Francisco Javier Santibáñez 1aMadrid, España :bIbergarceta publicaciones, c2010. axii, 261 páginasc24 cm. 2rdacontentatextobtxt 2rdamediaasin mediación bn 2rdacarrieravolumenbnc 4aPequeñas y medianas empresasxGestión1 aSantibáñez, Francisco Javiereautor1 aSteiner, Georgeecomentarios 1 aHuxley, Aldousecomentarios 1 aChomsky, Noamecomentarios